000 01060nam0a22002411i 4500
001 rc\3473073
005 20240726075056.0
021 _aRU
_b[73-21298а]
035 _a(NLR Aleph) 007597672
090 _a5679617
_c5679617
100 _a20130115d1973 |||y0rusy50 ca
101 0 _arus
102 _aRU
105 _ay d |||||
200 1 _aЭуритрематоз домашних жвачных животных в Приморском крае
_e(Биология Evrytrema pancreaticum, Janson, 1889, эпизоотология, некоторые вопросы терапии и профилактики)
_eАвтореф. дис. на соиск. учен. степени канд. вет. наук
_e(03.00.19)
_fОм. гос. вет. ин-т
210 _aВладивосток
_d1973
215 _a20 с.
320 _aСписок работ авт.: с. 19-20 (5 назв.)
700 1 _aНадыкто
_bМ.В.
_gМария Васильевна
801 0 _aRU
_bNLR
_gpsbo
801 1 _aRU
_bELAR
_2rusmarc
852 _aNLR
_j73-4/39439
942 _cBOOK